| 000 | 00491nam a22002057a 4500 | ||
|---|---|---|---|
| 003 | Nust | ||
| 005 | 20250728102300.0 | ||
| 008 | 170117b xxu||||| |||| 00| 0 eng d | ||
| 020 | _a9789698535056 | ||
| 038 | _akhadija | ||
| 040 | _cc | ||
| 082 |
_a658.562 _bKHA |
||
| 100 |
_aKhan, Nawar _985042 |
||
| 245 |
_aTotal Quality Management / _cNawar Khan |
||
| 260 |
_aIslamabad : _bNust, _c2010. |
||
| 300 |
_a304 p. ; _c25 cm. |
||
| 500 | _aHardcover. | ||
| 563 | _aHB | ||
| 942 |
_cBK _2ddc |
||
| 999 |
_c32067 _d32067 |
||